Normal view
MARC view
Entry Término temático
001 - NÚMERO DE CONTROL
- campo de control: 50911
003 - IDENTIFICADOR DEL NÚMERO DE CONTROL
- campo de control: OSt
005 - FECHA Y HORA DE LA ÚLTIMA TRANSACCIÓN
- campo de control: 20250103162850.0
008 - DATOS DE LONGITUD FIJA
- campo de control de longitud fija: 250103|| aca||aabn | a|a d
040 ## - FUENTE DE LA CATALOGACIÓN
- Centro catalogador/agencia de origen: OSt
- Centro/agencia transcriptor: OSt
150 ## - ENCABEZAMIENTO--TÉRMINO DE MATERIA
- Término de materia o nombre geográfico como elemento de entrada: Representación de divinidades
670 ## - FUENTE DE DATOS ENCONTRADOS
- Cita de la fuente: Work cat.: (OSt)23156: Echarry Paredes, Jhonnathan Fernando 50879, Rescate e Interpretación de la Iconografía Textil del Distrito de Ccatcca / , 2011